|
|
|
|
| LEADER |
01288nam a2200229 a 4500 |
| 001 |
GR-Patra32228 |
| 008 |
090603s2009 gr g u000 0 gre d |
| 020 |
|
|
|a 9789608396470
|
| 082 |
|
0 |
|a 338.04094
|2 22
|
| 100 |
1 |
|
|a Παπαδόπουλος, Δημήτριος Λ.
|
| 245 |
1 |
0 |
|a Επιχειρηματικότητα και επιχειρηματικές αποφάσεις :
|b διερεύνηση στο πλαίσιο της διεθνούς βιβλιογραφίας και της ελληνικής πραγματικότητας /
|c Δημήτριος Λ. Παπαδόπουλος.
|
| 260 |
|
|
|a Θεσσαλονίκη :
|b Εκδόσεις Πανεπιστημίου Μακεδονίας,
|c 2009
|
| 300 |
|
|
|a xviii, 869 σ. :
|b εικ.
|
| 650 |
|
0 |
|a ENTREPRENEURSHIP
|
| 650 |
|
0 |
|a Entrepreneurship
|z Greece
|
| 650 |
|
4 |
|a Επιχειρηματικότητα
|
| 650 |
|
4 |
|a Επιχειρηματικότητα
|z Ελλάς
|
| 710 |
0 |
|
|a Εκδόσεις Πανεπιστημίου Μακεδονίας
|
| 942 |
|
|
|2 ddc
|
| 952 |
|
|
|0 0
|1 0
|2 ddc
|4 0
|6 338_040940000000000_ΠΑΠ
|7 1
|9 313914
|a LISK
|b LISK
|c BSC
|d 2021-01-17
|e 24
|f 0
|g 0.00
|l 0
|o 338.04094 ΠΑΠ
|p 92410050773
|r 2021-01-17 00:00:00
|t 1
|w 2021-01-17
|y BKN
|x 20120911 0 0
|x GrPaTEI
|
| 971 |
|
|
|a .b26798001
|b 16-04-20
|c 26-09-16
|
| 999 |
|
|
|c 179573
|d 179573
|